| 000 | 00355nam a22001217a 4500 | ||
|---|---|---|---|
| 999 |
_c3696 _d3696 |
||
| 005 | 20201210102216.0 | ||
| 008 | 201210b ||||| |||| 00| 0 eng d | ||
| 020 | _a8120704290 | ||
| 040 | _cCML | ||
| 245 |
_aWorld History. _cRao B.V. |
||
| 260 |
_aNew Delhi _bSterling Publisher Private Ltd _c2003 |
||
| 942 |
_2ddc _cBK _e1st Edition _h909 _mRAO |
||